000 00791nam a22002057a 4500
999 _c9660
_d9660
003 AR-CdUCM
008 190328b ||||| |||| 00| 0 spa d
040 _aMUNICIPALIDAD PROVINCIAL DEL CUSCO
_cBIBLIOTECA MUNICIPAL DEL CUSCO
082 _aC / 759.85 /
_bC79
100 _aCossío del Pomar, Felipe
_92452
245 _aPintura colonial (Escuela Cuzqueña) /
260 _aCuzco :
_bH.G.Rozas,
_c1928.
300 _a246 páginas ;
_bFotografías,
_c23 cm.
505 _aContenido: La cuidad del Cuzco -- EL aborigen y sus caracteres artísticos -- El conquistador -- El mestizo -- El criollo -- EL arte incaico -- La escuela cuzqueña...
650 _aPintura cusqueña
_97254
650 _aÉpoca colonial
_91374
650 _aArte peruano
_95992
942 _2ddc
_cLIBROS
945 _adavv